00863njm a2200253Ia 450000100060000000300090000600500170001500800410003204000130007304000130008610000180009910000180011710000380013524500370017325000110021026000090022126000120023030000100024230000290025250000230028150501900030465000530049470000620054727512IT-RoPAU20220918181135.0131025s9999 xx 000 0 und d aIT-RoPAU cIT-RoPAU aPidgeon Frank eAutore musica gCodice autore musica SPICS: 13196 aFrank Pidgeon e la sua orchestra a1a ed. aROMA bSIBILLA aDISCO c45 minuti (Testo: pag.) aMusica strumentale aFuga a tre voci - Fast Back - Denise - Dedicato a te - Claudette - Gavottino - First Time - Artificial Fire - Samba in Rio - Nostalgia di sera - For Sale - Inflexible - Riflessi - Rugby aSTRUMENTALE [DISCHI]eCodice MATERIA SPICS: 9950 aPidgeon FrankgCodice interprete SPICS: 13196eInterprete